000 00592nam a22001817a 4500
003 UA-OsUOA
001 13899
007 ta
008 20030625b un ||||| |||| 00| 0 ukr d
100 _aБереза Ю.
942 _cSA
040 _aUA-OsUOA
_cUA-OsUOA
_dUA-OsUOA
245 _aПовертають молодість фортеці: [10 р. - Держ. іст.-культ. заповіднику м.Дубно]
300 _aС.4
955 _a0
773 0 _w0
_tВісті Рівненщини
_dРівне
_d2003
_g№48/11 черв./
650 7 _aКраєзнавча робота
_2UDC
999 _c300060
_d300060